000 01506nam a2200277 a 4500
008 190715s2002 ||||||||||||||||| || u
020 _a9783540420743
050 _aQA 911 Fer
100 _aFerziger, Joel H
245 1 0 _aComputational methods for fluid dynamics. (3rd revised edition)
_cBy Joel H. Ferziger ; Milovan Peric
250 _a3rd revised edition
260 _aStanford
_bSpringer
_c2002
260 _aStanford
_bSpringer-Verlag
_c2002
300 _axiv, 423 pages : illustrations
650 _aMECHANICS, APPLIED
650 _aHYDRAULIC ENGINEERING
650 _aENGINEERING
650 _aMATHEMATICAL PHYSICS
650 0 _aCOMPUTATIONAL FLUID DYNAMICS
700 _aPeric, Milovan
995 _aMAIN LIBRARY OPEN ACCESS
_D58.04
_e749424
_FCBU-MAIN LIBRARY (Kitwe)
_jQA 911 Fer
_M3
_UAVAILABLE
_WJul 16, 2019
_y749424
_ZMain Library Open Access Collection
995 _aMAIN LIBRARY OPEN ACCESS
_D58.04
_e749423
_FCBU-MAIN LIBRARY (Kitwe)
_jQA 911 Fer
_M4
_UAVAILABLE
_WJul 16, 2019
_y749423
_ZMain Library Open Access Collection
995 _aSHORT LOAN BOOKS
_e750069
_FCBU-MAIN LIBRARY (Kitwe)
_jQA 911 Fer
_M5
_UAVAILABLE
_WDec 5, 2019
_y750069
_ZShort Loan Collection
995 _aMAIN LIBRARY OPEN ACCESS
_D58.04
_e749426
_FCBU-MAIN LIBRARY (Kitwe)
_jQA 911 Fer
_M1
_UAVAILABLE
_WJul 16, 2019
_y749426
_ZMain Library Open Access Collection
995 _aMAIN LIBRARY OPEN ACCESS
_D58.04
_e749425
_FCBU-MAIN LIBRARY (Kitwe)
_jQA 911 Fer
_M2
_UAVAILABLE
_WJul 16, 2019
_y749425
_ZMain Library Open Access Collection
999 _c79643
_d79643